000 00435cam a2200169 i 4500
020 _a0470791942
040 _cDLC
082 0 0 _a301 HAL 1974 A087 Or.
100 1 _aSimmons, I. G.
245 1 4 _aThe ecology of natural resources /
260 _aNew York :
_bHalsted Press,
_c1974.
300 _avii, 424 p. :
_bill. ;
_c24 cm.
500 _aIncludes index.
650 0 _aHuman ecology.
650 0 _aNatural resources.
942 _cEK
999 _c15611
_d15611